Fundamentals of Programming Languages (Record no. 14817)

MARC details
000 -LEADER
fixed length control field 00390nam a2200157Ia 4500
008 - FIXED-LENGTH DATA ELEMENTS--GENERAL INFORMATION
fixed length control field 221030s9999 xx 000 0 und d
020 ## - INTERNATIONAL STANDARD BOOK NUMBER
ISBN 8175155728
041 ## - LANGUAGE CODE
Language code of text/sound track or separate title
100 ## - MAIN ENTRY--AUTHOR NAME
Personal name E. Horowitz
245 #0 - TITLE STATEMENT
Title Fundamentals of Programming Languages
Statement of responsibility, etc by E. Horowitz
250 ## - EDITION STATEMENT
Edition statement 2nd
260 ## - PUBLICATION, DISTRIBUTION, ETC. (IMPRINT)
Name of publisher Galgotia Pub
Place of publication New Delhi
Year of publication 2012
300 ## - PHYSICAL DESCRIPTION
Number of Pages 446
650 ## - SUBJECT ADDED ENTRY--TOPICAL TERM
Topical Term BE Computer
942 ## - ADDED ENTRY ELEMENTS (KOHA)
Koha item type Books
Holdings
Accession Number Cost, normal purchase price Bill Date Source of acquisition Price effective from Koha item type Withdrawn / writtenoff status Materials specified (bound volume or other part) Damaged status Not for loan Permanent Location Current Location Shelving location Date acquired Lost/ Missing status department
BE 13070 299.00 3397 RKB 10/30/2022 Books   Print   Not For Loan MIET Library, Jammu MIET Library, Jammu BL-Academic Block B, FL-2, CUP-150, SH-6, R-6 02/23/2013   BE
BE 13071 299.00 3397 RKB 10/30/2022 Books   Print     MIET Library, Jammu MIET Library, Jammu BL-Academic Block B, FL-2, CUP-92, SH-2, R-2 02/23/2013   BE
BE 13072 299.00 3397 RKB 10/30/2022 Books   Print     MIET Library, Jammu MIET Library, Jammu BL-Academic Block B, FL-2, CUP-91, SH-2, R-2 02/23/2013   BE
BE 13073 299.00 3397 RKB 10/30/2022 Books   Print     MIET Library, Jammu MIET Library, Jammu BL-Academic Block B, FL-2, CUP-92, SH-2, R-2 02/23/2013   BE
BE 13074 299.00 3397 RKB 10/30/2022 Books   Print     MIET Library, Jammu MIET Library, Jammu BL-Academic Block B, FL-2, CUP-92, SH-2, R-2 02/23/2013   BE